<?xml version='1.0' encoding='UTF-8'?>
  <record xmlns="http://www.loc.gov/MARC21/slim">
    <leader>00000cam a22000007i 4500</leader>
    <controlfield tag="001">ocm64963548</controlfield>
    <controlfield tag="003">OCoLC</controlfield>
    <controlfield tag="005">20250718025300.9</controlfield>
    <controlfield tag="008">890203s1785    ne            000 0 dut d</controlfield>
    <datafield tag="040" ind1=" " ind2=" ">
      <subfield code="a">NLGGC</subfield>
      <subfield code="b">dut</subfield>
      <subfield code="e">fobidrtb</subfield>
      <subfield code="c">NLGGC</subfield>
      <subfield code="d">QGJ</subfield>
      <subfield code="d">OCLCA</subfield>
      <subfield code="d">OCLCO</subfield>
      <subfield code="d">OCLCL</subfield>
      <subfield code="d">OCLCQ</subfield>
    </datafield>
    <datafield tag="026" ind1=" " ind2=" ">
      <subfield code="a">178504 - a1 *3 $di : a2 4*3 en$of$d - 1b1 A2 in$En : 1b2 2C2 ook$da - 2b1 *2 ov : 2b2 2* by</subfield>
      <subfield code="2">stcnf</subfield>
    </datafield>
    <datafield tag="029" ind1="0" ind2=" ">
      <subfield code="a">NLGGC</subfield>
      <subfield code="b">051207664</subfield>
    </datafield>
    <datafield tag="035" ind1=" " ind2=" ">
      <subfield code="a">(OCoLC)64963548</subfield>
    </datafield>
    <datafield tag="041" ind1="0" ind2=" ">
      <subfield code="a">dut</subfield>
      <subfield code="a">fre</subfield>
    </datafield>
    <datafield tag="100" ind1="1" ind2=" ">
      <subfield code="a">Marum, Martin van</subfield>
      <subfield code="q">(Martinus),</subfield>
      <subfield code="d">1750-1837.</subfield>
      <subfield code="1">https://id.oclc.org/worldcat/entity/E39PBJvmMwWTPt4JQpyp47MMfq</subfield>
    </datafield>
    <datafield tag="245" ind1="1" ind2="0">
      <subfield code="a">Beschryving eener ongemeen groote electrizeer-machine, geplaatst in Teyler's Museum te Haarlem, en van de proefneemingen met dezelve in 't werk gesteld =</subfield>
      <subfield code="b">Description d'une très grande machine électrique, placée dans le Muséum de Teyler a Haarlem, et des expériments faits par le moyen de cette machine /</subfield>
      <subfield code="c">door Martinus van Marum ...</subfield>
    </datafield>
    <datafield tag="246" ind1="3" ind2=" ">
      <subfield code="a">Description d'une très grande machine électrique, placée dans le Muséum de Teyler a Haarlem, et des expériments faits par le moyen de cette machine</subfield>
    </datafield>
    <datafield tag="246" ind1="3" ind2=" ">
      <subfield code="a">Beschryving van Teyler's electrizeer-machine</subfield>
    </datafield>
    <datafield tag="260" ind1=" " ind2=" ">
      <subfield code="a">Te Haarlem :</subfield>
      <subfield code="b">by Joh. Enschedé en zoonen, en Jan van Walré,</subfield>
      <subfield code="c">1785.</subfield>
    </datafield>
    <datafield tag="300" ind1=" " ind2=" ">
      <subfield code="a">[2], XXXI, [1], 205, [1] p., [6] bl. pl. :</subfield>
      <subfield code="b">ill. ;</subfield>
      <subfield code="c">in-4.</subfield>
    </datafield>
    <datafield tag="336" ind1=" " ind2=" ">
      <subfield code="a">tekst</subfield>
      <subfield code="b">txt</subfield>
      <subfield code="2">rdacontent/dut</subfield>
    </datafield>
    <datafield tag="337" ind1=" " ind2=" ">
      <subfield code="a">zonder medium</subfield>
      <subfield code="b">n</subfield>
      <subfield code="2">rdamedia/dut</subfield>
    </datafield>
    <datafield tag="338" ind1=" " ind2=" ">
      <subfield code="a">band</subfield>
      <subfield code="b">nc</subfield>
      <subfield code="2">rdacarrier/dut</subfield>
    </datafield>
    <datafield tag="490" ind1="1" ind2=" ">
      <subfield code="a">Verhandelingen, uitgegeeven door Teyler's Tweede Genootschap ;</subfield>
      <subfield code="v">3e stuk</subfield>
    </datafield>
    <datafield tag="500" ind1=" " ind2=" ">
      <subfield code="a">[pi] 1  *-4* 4  A-2C 4.</subfield>
    </datafield>
    <datafield tag="500" ind1=" " ind2=" ">
      <subfield code="a">De verhandeling o.d.t.: Beschryving van Teyler's electrizeer-machine.</subfield>
    </datafield>
    <datafield tag="530" ind1=" " ind2=" ">
      <subfield code="a">Titel is gedigitaliseerd voor de Koninklijke Bibliotheek in het kader van het Google Books-project.</subfield>
    </datafield>
    <datafield tag="546" ind1=" " ind2=" ">
      <subfield code="a">Tekst in het Frans en Nederlands op tegenoverliggende bladzijden.</subfield>
    </datafield>
    <datafield tag="710" ind1="0" ind2=" ">
      <subfield code="a">Enschedé en zonen, Johannes (Haarlem)</subfield>
      <subfield code="4">prt</subfield>
      <subfield code="0">(NL-LeOCL)077133544</subfield>
    </datafield>
    <datafield tag="710" ind1="0" ind2=" ">
      <subfield code="a">Walré, Jan van (Haarlem)</subfield>
      <subfield code="4">prt</subfield>
      <subfield code="0">(NL-LeOCL)077145054</subfield>
    </datafield>
    <datafield tag="776" ind1="0" ind2=" ">
      <subfield code="t">Beschryving eener ongemeen groote electrizeer-machine, geplaatst in Teyler's Museum te Haarlem, en van de proefneemingen met dezelve in 't werk gesteld</subfield>
      <subfield code="w">(NL-LeOCL)375588418</subfield>
    </datafield>
    <datafield tag="776" ind1="0" ind2=" ">
      <subfield code="t">Beschryving eener ongemeen groote electrizeer-machine, geplaatst in Teyler's Museum te Haarlem, en van de proefneemingen met dezelve in 't werk gesteld</subfield>
      <subfield code="w">(NL-LeOCL)398575215</subfield>
    </datafield>
    <datafield tag="830" ind1=" " ind2="0">
      <subfield code="a">Verhandelingen uitgegeeven door Teyler's Tweede Genootschap ;</subfield>
      <subfield code="v">3e stuk.</subfield>
      <subfield code="w">(NL-LeOCL)86308432X</subfield>
    </datafield>
    <datafield tag="936" ind1=" " ind2=" ">
      <subfield code="a">BATCHLOAD</subfield>
    </datafield>
  </record>